Normal view
MARC view
Entry Personal Name
001 - CONTROL NUMBER
- control field: 1238227
003 - CONTROL NUMBER IDENTIFIER
- control field: OSt
005 - DATE AND TIME OF LATEST TRANSACTION
- control field: 20260430150706.0
008 - FIXED-LENGTH DATA ELEMENTS
- fixed length control field: 260430|| aca||aabn | a|a d
040 ## - CATALOGING SOURCE
- Original cataloging agency: OSt
- Transcribing agency: OSt
100 ## - HEADING--PERSONAL NAME
- Personal name: Uma Au.; Kapoor Rashmi Gu
670 ## - SOURCE DATA FOUND
- Source citation: Work cat.: (OSt)1850403: Uma Au.; Kapoor Rashmi Gu., Determinants of Female Participation in the Labour Force: A Comparative Study of South Africa and India, 2024
